000 00890nam a2200229Ia 4500
001 15429
003 GE_BSU
008 181216s||||||||xx |||||||||||||| ||und||
040 _cGE_BSU
080 _a821.353.1-1+821.353.1-1
100 _aჩიქოვანი,სიმონ
245 _aთხზულებანი 4 ტომად. ტ.1
245 _bლექსები
245 _cსარედ.კოლ.ბ.ჟღენტი. გ. მარგველაშვილი. გ.ასათიანი. წინას.ავტ.გ.მარგველაშვილი. და სხვ. მხატვ. ს. კეცხოველი
260 _aთბილისი
260 _bმერანი
260 _c1975
300 _a395გვ.20სმ.
653 _aთხზულებანი
653 _aლექსები
942 _cBK
999 _c48532
_d48532